000 00234nam a22000857a 4500
008 161130b xxu||||| |||| 00| 0 eng d
100 _91593
_aSasikumar, v
245 _aCompanion Teacher's Edition
260 _aNew Delhi
_bOrient Longman
_c2007
999 _c4312
_d4312